000 00300nam a22001217a 4500
008 160523b xxu||||| |||| 00| 0 eng d
020 _a9780323051996
020 _a9780323051996
041 _aeng
080 _a612.39
245 _aWilliams basic nutrition diet therapy:
_cStaci Nix;
942 _2udc
_cBK
999 _c2380
_d2380